Vista normal
Vista MARC
Entrada Topical Term
Número de registros utilizados en: 6
001 - CONTROL NUMBER
- control field: 4576
003 - CONTROL NUMBER IDENTIFIER
- control field: OSt
005 - DATE AND TIME OF LATEST TRANSACTION
- control field: 20200520151822.0
008 - FIXED-LENGTH DATA ELEMENTS
- fixed length control field: 200520|| aca||aabn | a|a d
040 ## - CATALOGING SOURCE
- Original cataloging agency: OSt
- Transcribing agency: OSt
150 ## - HEADING--TOPICAL TERM
- Topical term or geographic name entry element: Sistemas económicos
670 ## - SOURCE DATA FOUND
- Source citation: Work cat.: (OSt)5400: Glenday, Roy, autor 4574, El futuro de la sociedad económica : , 1944